000 00410nam a22001337a 4500
020 _a0851107905
082 _a302.2308
100 _aDavid Porter
245 _aUser's guide to the media
260 _aEngland
_bInter varsity press
_c1988
300 _a94p
942 _cBK
999 _c2786
_d2786